MAASAI MARA UNIVERSITY

LIBRARY CATALOGUE

Contact Us: +254 020 2685356/7 or 0774 057787

Box: 861-20500, NAROK, KENYA

Email: info@mmarau.ac.ke

_Psychiatric Mental Health Nursing Concepts of Care in Evidence-Based Practice [5th ed.] Mary C. Townsend (Record no. 15061)

MARC details
000 -LEADER
fixed length control field 00498nam a2200145Ia 4500
008 - FIXED-LENGTH DATA ELEMENTS--GENERAL INFORMATION
fixed length control field 151021s9999 xx 000 0 und d
050 ## - LIBRARY OF CONGRESS CALL NUMBER
Classification number RC 440 .T693 2006
245 ## - TITLE STATEMENT
Title _Psychiatric Mental Health Nursing Concepts of Care in Evidence-Based Practice [5th ed.] Mary C. Townsend
260 ## - PUBLICATION, DISTRIBUTION, ETC. (IMPRINT)
Place of publication, distribution, etc. U.S.A F. A Davis Company 2006
300 ## - PHYSICAL DESCRIPTION
Extent xxvi,981p,ill.
500 ## - GENERAL NOTE
General note includes index
500 ## - GENERAL NOTE
General note includes index
650 ## - SUBJECT ADDED ENTRY--TOPICAL TERM
Topical term or geographic name as entry element _Psychiatric nursing-methods
980 ## - EQUIVALENCE OR CROSS-REFERENCE-SERIES STATEMENT--PERSONAL NAME/TITLE [LOCAL, CANADA]
Personal name ^d20150401 12:22:22^okorir

No items available.

© 2016 Maasai Mara University.